Name the countries I've been to - Statistics

General Stats
  • This quiz has been taken 10 times
    4 since last reset
  • The average score is 27 of 44
Answer Stats
Continent Country % Correct
South America Brazil
100%
Europe Croatia
100%
Afrrica Egypt
100%
Europe France
100%
Europe Germany
100%
Africa Kenya
100%
Africa Madagascar
100%
Africa Morocco
100%
Africa Niger
100%
Africa Nigeria
100%
Africa Zimbabwe
100%
Europe Austria
50%
Europe Bosnia
50%
Africa Burundi
50%
Europe Czechia/Czech Republic
50%
Africa Eritrea
50%
Africa Eswatini
50%
Africa Ethiopia
50%
Europe Hungary
50%
Africa Lesotho
50%
Africa Liberia
50%
Africa Libya
50%
Africa Malawi
50%
Africa Mauritania
50%
Africa Mauritius
50%
Africa Mozambique
50%
Africa Namibia
50%
Africa Republic of the Congo
50%
Africa Rwanda
50%
Africa Sao Tome and Principe
50%
Africa Senegal
50%
Africa Seychelles
50%
Africa Sierra Leone
50%
Europe Slovakia
50%
Africa Somalia
50%
Africa South Sudan
50%
Africa Sudan
50%
Europe Switzerland
50%
Africa Tanzania
50%
Africa Tunisia
50%
Africa Uganda
50%
Africa Zambia
50%
Africa Equatorial Guinea
0%
Asia Georgia
0%
No matching quizzes found
Score Distribution
Percent of People with Each Score
Percentile by Number Answered
Your Score History
You have not taken this quiz since the last reset